Watford all-time top scorers - Statistics

General Stats
  • This quiz has been taken 16 times
  • The average score is 6 of 11
Answer Stats
Goals Nationality Player % Correct
140 England Troy Deeney
92%
63 England John Barnes
85%
89 England Luther Blissett
77%
40 Nigeria Odion Ighalo
77%
38 Czech Republic Matej Vydra
69%
73 Icealnd Heidar Helguson
62%
38 England Marlon King
46%
63 England Tommy Smith
46%
41 England Danny Graham
31%
39 England Nigel Callaghan
31%
40 England Tommy Mooney
23%
No matching quizzes found
Score Distribution
Percent of People with Each Score
Percentile by Number Answered
Your Score History
You have not taken this quiz